Trh s nehnuteľnosťami a finančná kríza

Minulosť a súčasnosť na trhu s nehnuteľnosťami. Nástroje bytovej politiky a systém ekonomických nástrojov. Štátny fond rozvoja bývania. Financovanie výstavby bytov. Rešpektovanie princípov trvalo udržateľného rozvoja.

Salvato in:
Dettagli Bibliografici
Autore principale: Holúbek, Tomáš
Natura: Capitolo di libro
Lingua:slovacco
Soggetti:
Tags: Aggiungi Tag
Nessun Tag, puoi essere il primo ad aggiungerne!!

MARC

LEADER 00000naa$a2200000$$$4500
001 0113751
005 20231121095823.0
041 0 |a slo 
044 |a SK 
245 1 0 |a Trh s nehnuteľnosťami a finančná kríza  |c Tomáš Holúbek 
520 |a Minulosť a súčasnosť na trhu s nehnuteľnosťami. Nástroje bytovej politiky a systém ekonomických nástrojov. Štátny fond rozvoja bývania. Financovanie výstavby bytov. Rešpektovanie princípov trvalo udržateľného rozvoja. 
610 2 0 |a trh bytový 
610 2 0 |a výstavba bytová 
610 2 0 |a politika bytová 
610 2 0 |a fond rozvoja bývania 
610 2 0 |a hypotéky 
610 2 0 |a sporenie stavebné 
610 2 0 |a cena nehnuteľností 
100 1 |a Holúbek, Tomáš